01629cam a22004454i 4500003000900000005001700009008004100026020001500067035002700082040004300109049000900152082001900161245006700180264005000247300003900297336002100336337002500357338002300382505004300405526001000448526001000458526001000468526001000478526000800488526000800496526000800504526000800512526000800520526000800528526000800536630005300544630004000597942001400637949012900651994001400780596000600794999016000800980005500960952016801015PE-LiUPU20250731173141.0150623s1983 tnu r 000 0 eng d a0840749597 a(Sirsi) i9780840749598 aPE-LiUPUbspacPE-LiUPUdPE-LiUPUerda aPRUA04a220.5bC7322104aThe Complete concordance to the Bible, New King James Version. 1aNashville :bThomas Nelson Publishers,c1983. a1083 páginas ;c24 centímetros atext2rdacontent aunmediated2rdamedia avolume2rdacarrier0 aConcordancia de la Biblia en Inglés. aSEG42 aSEG41 aSEG40 aSEG39 aP94 aP87 aP86 aP85 aP77 aP76 aP35 aBibliaxConcordancias.lingles.sNew King James. aBiblia.lInglés.sNew King James. 2ddccBOOK a220.5 C73wDEWEYc1i52645lCCODEBUL1mBULp15.00r0sYtBOOKu2015-6-24xTEOLOGIAPP350COMPRAo.STAFF. Colección General aC0bPEPRU a1 a220.5 C73wDEWEYc34498i52645d34498f2021-11-9g5lCCODEBUL1mBULp15.00q1r0sYtBOOKu2015-6-24xTEOLOGIAPP350COMPRAo.STAFF. Colección Teología 81gALBERTO SANCHEZ Responsable de Automatización r2025-12-02 00:00:00i6l0o220.5 C73p52645te1v20.00w2015-06-24xFTyBKzinventario-2023-12-13102ddc50708GENfP35aBULbBULcGENd2015-06-24eCOMPRAg15.00